000 00457nam a2200181 a 4500
001 1757599321472
003 ACL
005 20250911193755.0
008 250911s2009##################000#0#eng##
020 _a9780748632893
082 0 4 _a791.43023309
_bBUR
100 1 _aBurton, Alan,
_eauthor.
245 1 0 _aThe Cinema of Basil Dearden and Michael Relph :
260 _c2009.
650 0 _aPerforming Arts.
942 _cENGLISH
040 _aACL
_beng
_cACL
999 _c586628
_d586628